| 000 | 00618nam a2200157Ia 4500 | ||
|---|---|---|---|
| 008 | 151213s9999 xx 000 0 und d | ||
| 020 | _a984-07-3239-0 | ||
| 100 | _aগোপিকা রঞ্জণ চক্রবর্তী। | ||
| 245 |
_aভবা পাগলার জীবন ও গান। _cগোপিকা রঞ্জণ চক্রবর্তী। |
||
| 250 | _a১ম সং | ||
| 260 |
_aঢাকা _bবাংলা একাডেমী। _c1995 |
||
| 300 | _a4612 p. | ||
| 650 | _aBangla | ||
| 700 | _aগোপিকা রঞ্জণ চক্রবর্তী। | ||
| 999 |
_c2970 _d2970 |
||